Разработка пректа формирования оптимального разомкнутого графа городских электрических сетей г. Томска; Энергетика: экология, надежность, безопасность

Bibliographic Details
Parent link:Энергетика: экология, надежность, безопасность.— 2002.— С. 5-6.
Main Author: Богданов Р. С.
Other Authors: Слюсаренко С. Г. (научный руководитель)
Language:Russian
Published: 2002
Subjects:
Format: Book Chapter
KOHA link:https://koha.lib.tpu.ru/cgi-bin/koha/opac-detail.pl?biblionumber=88038

MARC

LEADER 00000naa2a2200000 4500
001 88038
005 20231031102502.0
035 |a (RuTPU)RU\TPU\book\94517 
090 |a 88038 
100 |a 20051220d2002 k y0rusy50 ca 
101 0 |a rus 
102 |a RU 
200 1 |a Разработка пректа формирования оптимального разомкнутого графа городских электрических сетей г. Томска  |f Р. С. Богданов  |g науч. рук. С. Г. Слюсаренко 
463 0 |0 (RuTPU)RU\TPU\book\68468  |t Энергетика: экология, надежность, безопасность  |o Труды четвертого Всероссийского студенческого научно-практического семинара, Томск, 24-26 апреля 2002 г.  |f Томский политехнический университет; Электротехнический институт; Региональный центр энергосбережения  |v С. 5-6.  |d 2002  |p 164 с. 
610 1 |a электрические сети 
610 1 |a городские электрические сети 
610 1 |a разомкнутые графы 
610 1 |a проекты 
610 1 |a разработка 
610 1 |a радиальные структуры 
610 1 |a труды учёных ТПУ 
700 1 |a Богданов  |b Р. С. 
702 1 |a Слюсаренко  |b С. Г.  |4 727 
801 1 |a RU  |b 63413507  |c 20051220  |g PSBO 
801 2 |a RU  |b 63413507  |c 20101116  |g PSBO 
942 |c BK